书目信息 |
| 题名: |
常见错别字辨析手册
|
|
| 作者: | 王兆仪 编 | |
| 分册: | ||
| 出版信息: | 西安 西北大学出版社 2006.01 |
|
| 页数: | 365页 | |
| 开本: | 21cm | |
| 丛书名: | ||
| 单 册: | ||
| 中图分类: | H124.1-62 | |
| 科图分类: | ||
| 主题词: | 汉字--han zi--错别字--辨别--手册 | |
| 电子资源: | ||
| ISBN: | 7-5604-2098-2 | |
| 000 | 00765nam0 2200217 450 | |
| 001 | 012007143670 | |
| 005 | 20070619153928.46 | |
| 010 | @a7-5604-2098-2@dCNY29.00 | |
| 100 | @a20070508d2006 km y0chiy0120 ea | |
| 101 | 0 | @achi |
| 102 | @aCN@b610000 | |
| 105 | @ay z 000yy | |
| 200 | 1 | @a常见错别字辨析手册@Achang jian cuo bie zi bian xi shou ce@f王兆仪编@Fwang zhao yi bian |
| 210 | @a西安@c西北大学出版社@d2006.01 | |
| 215 | @a365页@d21cm | |
| 330 | @a《常见错别字辨析手册》内容有:提示容易读错的音和多音多义字的读音;比较形近字和音同字,纠正容易用错的字;辨析近义字,提示容易用错的字等方面。 | |
| 606 | 0 | @a汉字@Ahan zi@x错别字@x辨别@j手册 |
| 690 | @aH124.1-62@v4 | |
| 701 | 0 | @a王兆仪@Awang zhao yi@4编 |
| 801 | 0 | @aCN@c20070619 |
| 905 | @dH124.1-62@eW458 | |
| 常见错别字辨析手册/王兆仪编.-西安:西北大学出版社,2006.01 |
| 365页;21cm |
| ISBN 7-5604-2098-2:CNY29.00 |
| 《常见错别字辨析手册》内容有:提示容易读错的音和多音多义字的读音;比较形近字和音同字,纠正容易用错的字;辨析近义字,提示容易用错的字等方面。 |
| ● |
| 相关链接 |
|
|
|
正题名:常见错别字辨析手册
索取号:H124.1-62/W458
 
预约/预借
| 序号 | 登录号 | 条形码 | 馆藏地/架位号 | 状态 | 备注 |
| 1 | 242950 | 202429504 | 语言库209/209语言库 71排2列2层/ [索取号:H124.1-62/W458] | 在馆 | |
| 2 | 242951 | 202429513 | 语言库209/209语言库 71排2列2层/ [索取号:H124.1-62/W458] | 在馆 | |
| 3 | 242952 | 202429522 | 语言库209/209语言库 71排2列2层/ [索取号:H124.1-62/W458] | 在馆 |